| 000 | 00411nam a2200169Ia 4500 | ||
|---|---|---|---|
| 999 |
_c163 _d163 |
||
| 003 | OSt | ||
| 005 | 20241126110331.0 | ||
| 008 | 160530b xxu||||| |||| 00| 0 eng d | ||
| 040 | _cgbc | ||
| 082 |
_a220.1 _bADA |
||
| 100 |
_aAdams, J. McKee _98383 |
||
| 245 |
_aOur Bible / _cJ. McKee Adams |
||
| 260 |
_bConvention Press, _aNashville: _c1963 |
||
| 300 |
_a113 p.; _c20 cm. |
||
| 653 | _aBible | ||
| 942 |
_2ddc _cBK _04 |
||